01786nab a22002657a 4500999001500000003000400015005001700019008004100036040000700077100003300084245012400117260007300241300001300314500003500327505060300362505012600965505008101091650002301172650004601195650004001241650002501281650004601306773015501352942001301507 c6449d6449OSt20260204113703.0190429b xxu||||| |||| 00| 0 spa d cPJ aSantoianni, Juan Pablo9663613aEl plazo de prescripción de la acción penal en los delitos reprimidos con penas conjuntas /cJuan Pablo Santoianni. cCiudad Autónoma de Buenos Aires :aThomson Reuters La Ley, b2024. ap. 30-39 aCita Online: AR/DOC/2689/2023. aSumario: I. Introducción.— II. Aspectos centrales del fallo "S., R. A.".— III. Aspectos generales sobre la prescripción de la acción penal en delitos reprimidos con penas conjuntas.— IV. El plazo de prescripción de la acción penal en los delitos reprimidos con pena de prisión e inhabilitación conjunta. Distintas posturas.— V. Consideraciones sobre el plazo de prescripción de la acción penal en los delitos reprimidos con pena de prisión e inhabilitación conjunta.— VI. El plazo de prescripción de la acción penal en el fallo "S., R. A.".— VII. Conclusiones. aFallo comentado: CNCrim. y Correc., sala I ~ 31/08/2023 ~ S., R. A. s/ extinción de la acción penal - prescripción. tSi te interesa el texto completo, solicitalo a koha@justierradelfuego.gov.ar 09343aDERECHO PENAL 093902aPRESCRIPCIÓN DE LA ACCIÓN PENAL 092208aPENA PRIVATIVA DE LA LIBERTAD 092678aACCIÓN PENAL 093902aPRESCRIPCIÓN DE LA ACCIÓN PENAL0 0265893164tRevista de derecho penal y criminología. Nº 2 - Marzo 2024dCiudad Autónoma de Buenos Aires : Thomson Reuters La Ley, 2017-x00347914 2udccANA